Organisational learning in the automotive sector (Record no. 305)
[ view plain ]
| 000 -LEADER | |
|---|---|
| fixed length control field | 01400nam a2200361 a 4500 |
| 082 04 - DEWEY DECIMAL CLASSIFICATION NUMBER | |
| Classification number | 629.2068 |
| 100 1# - MAIN ENTRY--AUTHOR NAME | |
| Personal name | West, Penny, |
| 245 10 - TITLE STATEMENT | |
| Title | Organisational learning in the automotive sector |
| 260 ## - PUBLICATION, DISTRIBUTION, ETC. (IMPRINT) | |
| Place of publication | London : |
| Name of publisher | Routledge, |
| Year of publication | 2000. |
| 300 ## - PHYSICAL DESCRIPTION | |
| Number of Pages | 233 p. |
| 490 1# - SERIES STATEMENT | |
| Series statement | Routledge advances in management and business studies |
| 650 #0 - SUBJECT ADDED ENTRY--TOPICAL TERM | |
| Topical Term | Automobile industry and trade |
| Topical Term | Organizational learning |
| Topical Term | Comparative management. |
| 856 40 - ELECTRONIC LOCATION AND ACCESS | |
| Uniform Resource Identifier | http://site.ebrary.com/lib/rucke/Doc?id=5004179 |
No items available.
